Qui a dit ça ? - Statistiques

Statistiques générales
  • Ce quiz a été pris 7 fois
  • Le résultat moyen est 3 sur 15
Statistiques - réponses
Citation Réponse % Correct
« Il faut cultiver notre jardin. » Voltaire
86%
« Rendons à l’Amérique sa grandeur. » Donald Trump
71%
« Aimez-vous les uns les autres comme je vous ai aimés. » Jésus
57%
« La vie, c’est comme une bicyclette, il faut avancer pour ne pas perdre l’équilibre. » Albert Einstein
14%
« Choisissez un travail que vous aimez et vous n’aurez pas à travailler un seul jour de votre vie. » Confucius
14%
«Impossible n’est pas français.» Napoléon Bonaparte
14%
« Rien n’est impossible, le mot lui-même dit "Je suis possible". » Audrey Hepburn
0%
« Le courage est la première des qualités humaines car elle garantit toutes les autres. » Bénito Mussolini
0%
« Aime la vie que tu vis. Vis la vie que tu aimes. » Bob Marley
0%
«Soyez réalistes, demandez l’impossible.» Che Guevara
0%
« Soyez aimables chaque fois que possible. » Dalai Lama
0%
« Je peins ma propre réalité. » Frida Kahlo
0%
« Donnez à une fille les bonnes chaussures et elle conquerra le monde. » Marilyn Monroe
0%
« Le plus grand risque est de ne prendre aucun risque. » Mark Zuckerberg
0%
« Je n’ai pas échoué. J’ai simplement trouvé 10 000 solutions qui ne fonctionnent pas. » Thomas Edison
0%
Aucun quiz correspondant
Distribution des résultats
% des personnes avec chaque résultat
Percentile par nombre de réponses
Votre historique - résultats
Vous n’avez pas pris ce quiz